Click the 3-Letter African Country Code - Statistics

General Stats
  • This quiz has been taken 408 times
  • The average score is 46 of 54
Answer Stats
Hint Answer % Correct
Angola AGO
93%
Djibouti DJI
93%
Lesotho LSO
93%
Rwanda RWA
93%
Burundi BDI
92%
Benin BEN
92%
Eritrea ERI
92%
Ghana GHA
92%
Kenya KEN
92%
Libya LBY
92%
Mali MLI
92%
Namibia NAM
92%
Somalia SOM
92%
Togo TGO
92%
Tunisia TUN
92%
Tanzania TZA
92%
Zambia ZMB
92%
Burkina Faso BFA
91%
Egypt EGY
91%
Ethiopia ETH
91%
Senegal SEN
91%
South Sudan SSD
91%
Uganda UGA
91%
Botswana BWA
90%
Central African Republic CAF
90%
Madagascar MDG
90%
Mozambique MOZ
90%
Sierra Leone SLE
90%
Cameroon CMR
89%
Cape Verde CPV
89%
Liberia LBR
89%
Niger NER
89%
Sudan SDN
89%
Gabon GAB
88%
Guinea GIN
88%
São Tomé and Príncipe STP
88%
Seychelles SYC
88%
Nigeria NGA
86%
Gambia GMB
85%
Guinea-Bissau GNB
85%
Malawi MWI
85%
Zimbabwe ZWE
84%
Republic of the Congo COG
81%
Comoros COM
78%
Morocco MAR
78%
Eswatini SWZ
78%
Ivory Coast CIV
76%
Mauritania MRT
76%
Equatorial Guinea GNQ
72%
South Africa ZAF
67%
Democratic Republic of the Congo COD
62%
Algeria DZA
57%
Chad TCD
55%
Mauritius MUS
53%
No matching quizzes found
Score Distribution
Percent of People with Each Score
Percentile by Number Answered
Your Score History
You have not taken this quiz